[Event "22nd Mediterranean Flowers 2022"]
[Site "Rijeka"]
[Date "2022.03.07"]
[Round "1.1"]
[White "Medic, Mirjana"]
[Black "Kejzar, Petra"]
[Result "0-1"]
[WhiteElo "2207"]
[BlackElo "2031"]
[Annotator "TA"]
[PlyCount "80"]
[EventDate "2022.03.07"]
[EventType "tourn"]
[EventCountry "CRO"]
[SourceTitle "playchess.com"]
[Source "ChessBase"]
[SourceQuality "1"]

{[%evp 17,80,10,14,16,16,41,41,20,12,0,0,0,0,0,5,-1,4,0,19,-20,9,4,30,19,114,116,127,67,70,68,158,131,140,135,165,145,148,158,165,161,201,203,226,184,158,109,113,122,116,84,67,0,0,-1570,0,-1235,-1220,-1173,-1013,-1029,-991,-29973,-29974,-6207,-6199]} 1. d4 Nf6 2. Nf3 d5 3. c4 e6 4. Nc3 Be7 5. Bf4 O-O 6. e3 c5 7. dxc5 Nc6 8. a3 Bxc5 9. Qc2 Re8 10. Bg3 {10.Rd1 is a critical line. D37: Queen's Gambit Declined: 5 Bf4.} d4 11. exd4 Nxd4 12. Nxd4 {White is slightly better.} Bxd4 {[#]} ({Weaker is} 12... Qxd4 13. Nb5 Qd8 14. Nc7 $16) 13. Be2 $146 ({Predecessor:} 13. O-O-O e5 14. Bxe5 Rxe5 15. Qd3 Bf5 16. Qxd4 Qe7 17. f3 Re1 18. Rxe1 Qxe1+ 19. Qd1 {½-½ (44) Buhmann,R (2625)-Tabatabaei,M (2507) Moscow 2017}) 13... Bd7 14. Rd1 e5 15. O-O Qc8 16. Qb3 Re6 17. Qc2 Qe8 18. Bf3 Bc6 19. Bxc6 Rxc6 20. Nb5 Rd8 (20... Rac8 $1 $11) 21. Rfe1 $16 Qf8 {[#]} 22. Nxd4 ({Reject} 22. Bxe5 $6 Bxe5 23. Rxe5 Rxc4 $11) ({Better is} 22. b4 $1 $16) 22... exd4 $14 23. b4 {Inhibits Qc5.} Re8 ({Black should try} 23... b6 $14) 24. h3 Rxe1+ 25. Rxe1 a5 26. Qb3 ({Of course not} 26. bxa5 $6 Qxa3 27. Rd1 Qxa5 $14) 26... axb4 27. axb4 Rb6 28. b5 h6 29. Qd3 Qb4 30. Rd1 Re6 {[%cal Bb6e6,Be6e4,Be4e1][%mdl 32]} 31. Qxd4 (31. Kh2 $142) 31... Re4 $16 32. Qd8+ Kh7 33. Qc8 {Qf5+ is the strong threat.} Qxc4 34. Qxb7 (34. Qf5+ $1 $14 Kg8 35. Be5) 34... Qb3 $36 {[%mdl 2048] Black is pushing.} 35. Rd6 {[%mdl 8192]} (35. Ra1 $11) 35... Re1+ $19 36. Kh2 {[#]} Qb1 $1 {[%csl Gb1][%cal Re1h1]} 37. Bf4 Rh1+ 38. Kg3 Ne4+ 39. Kg4 Nxd6 40. Bxd6 Qg6+ {Weighted Error Value: White=0.71/Black=0.15 (very precise)} 0-1

[Event "22nd Mediterranean Flowers 2022"]
[Site "Rijeka"]
[Date "2022.03.07"]
[Round "1.2"]
[White "Radeva, Viktoria"]
[Black "Vujnovic, Patricija"]
[Result "1-0"]
[WhiteElo "2261"]
[BlackElo "2140"]
[Annotator "TA"]
[PlyCount "87"]
[EventDate "2022.03.07"]
[EventType "tourn"]
[EventCountry "CRO"]
[SourceTitle "playchess.com"]
[Source "ChessBase"]
[SourceQuality "1"]

{[%evp 13,87,34,37,30,40,18,56,30,28,29,71,20,69,62,112,93,97,80,100,65,73,62,95,38,44,46,53,33,33,31,52,17,65,57,79,60,71,57,128,65,61,54,70,43,67,80,64,63,61,56,110,114,158,115,402,398,493,495,500,504,500,499,488,487,495,493,605,481,445,429,1482,1420,29989,29990,29998,29999]} 1. e4 {[%cal Be2e4,Be4e5][%mdl 32]} e6 2. d4 d5 3. Nd2 Nc6 4. Ngf3 Nf6 5. e5 Nd7 6. Nb3 a5 7. a4 Be7 8. Be2 {C04: French Tarrasch: 3...Nc6.} f6 9. exf6 Bxf6 10. O-O {White is slightly better.} O-O {[#]} 11. Be3 $146 ({Predecessor:} 11. c3 e5 12. dxe5 Ndxe5 13. Nbd4 Nxf3+ 14. Nxf3 Ne5 15. Bf4 Nxf3+ 16. Bxf3 c6 17. Bg3 Bf5 {½-½ (17) Hofer,E (2009)-Engelhart,A (2103) Bisingen 2013}) 11... b6 (11... e5 $11) 12. Re1 (12. Bf4 $16) 12... Re8 (12... Bb7 $11 {deserves consideration.}) 13. Bf4 Na7 (13... Nf8 $14) 14. c3 Bb7 15. Bf1 Nc8 16. Nc1 {White is more active.} (16. Bd3 {looks sharper.} Nd6 17. Ne5 Nf5 18. Qg4 Bxe5 19. Bxe5 Nxe5 20. Rxe5 Qf6 21. Nd2) 16... Nd6 17. Nd3 Ba6 18. Nfe5 (18. Bxd6 $16 cxd6 19. Nf4 Bxf1 20. Kxf1) 18... Bxe5 $14 19. Bxe5 Nxe5 20. Nxe5 (20. Rxe5 {keeps more tension.} Qf6 21. Qg4 Nc4 22. Ree1 Qf5 23. Qg3) 20... Bxf1 21. Rxf1 Qh4 22. f3 Rf8 (22... Nf5 $11) 23. Qe2 Rae8 24. Rae1 Rf5 25. g3 (25. Qa6 {seems wilder.} Nf7 26. Qb5 Qd8 27. Nxf7 Rxf7 28. Re2) 25... Qh3 {[#]} ({Black should try} 25... Qe7 $14) 26. Nd3 (26. b4 $1 $16) 26... Qh6 27. b3 Rf6 28. Qe3 g5 29. Ne5 {Hoping for Ng4.} Qg7 30. Qd3 h5 31. c4 dxc4 (31... Ref8 $1 $14) 32. bxc4 $16 Qh7 {[#]} ({Better is} 32... Rd8) 33. Qc3 (33. Qd2 $142 $1) 33... Qf5 $2 {[%mdl 8192] This costs Black the game.} (33... Rf5 $16 34. c5 Nf7) 34. c5 $18 bxc5 35. dxc5 Nf7 36. g4 Qh7 37. Nd7 Rh6 38. Nf6+ Rxf6 39. Qxf6 Qc2 40. Rxe6 Qxc5+ 41. Kh1 Rb8 (41... Rxe6 $142 42. Qxe6 h4) 42. Rfe1 {White threatens Qg6+ and mate.} Qf8 43. Qg6+ Qg7 44. Re8+ {Weighted Error Value: White=0.19 (very precise) /Black=0.48} 1-0

[Event "22nd Mediterranean Flowers 2022"]
[Site "Rijeka"]
[Date "2022.03.07"]
[Round "1.3"]
[White "Berke, Ana"]
[Black "Toncheva, Nadya"]
[Result "0-1"]
[WhiteElo "2135"]
[BlackElo "2207"]
[Annotator "TA"]
[PlyCount "90"]
[EventDate "2022.03.07"]
[EventType "tourn"]
[EventCountry "CRO"]
[SourceTitle "playchess.com"]
[Source "ChessBase"]
[SourceQuality "1"]

{[%evp 16,90,6,14,29,16,31,6,31,-3,-4,-13,6,6,11,0,115,111,106,89,103,104,98,101,113,84,314,316,474,200,177,172,154,97,554,549,531,541,176,134,114,98,224,156,239,158,578,0,549,0,0,0,0,-86,-100,-622,-608,-595,-516,-2795,-1363,-1846,-1730,-29992,-29993,-29994,-29995,-29995,-29996,-29996,-29984,-29984,-29983,-29982,-4849,-29991,-29992]} 1. e4 c5 2. Nf3 e6 3. c4 Nc6 4. d4 cxd4 5. Nxd4 Nf6 6. Nc3 Bb4 7. Nxc6 bxc6 8. Bd3 e5 9. O-O Bc5 {B44: Sicilian: Taimanov: 5 Nb5.} 10. Rb1 Qe7 {[#]} 11. Bg5 $146 ({Predecessor:} 11. Qe2 d6 12. Be3 Bd4 13. h3 O-O 14. Nd1 Re8 15. b4 h6 16. a4 c5 17. b5 Bb7 18. Bd2 a6 19. a5 Qd7 20. Nb2 Qe6 21. Na4 Nd7 22. Kh2 Re7 23. Rfe1 Qg6 {½-½ (23) Van Weersel,A (2134)-Peng,Z (2396) Leeuwarden 2004}) 11... h6 {The position is equal.} 12. Bh4 {[%cal Ob2b4]} (12. Bxf6 $5 gxf6 13. Be2 $14) 12... g5 13. Bg3 {[%cal Ob2b4]} d6 14. b4 {[%cal Bb2b4,Bb4c5,Bc5c6][%mdl 32]} Bd4 15. Ne2 c5 (15... Bg4 $11) 16. Nxd4 $16 cxd4 {[#]} 17. c5 $1 dxc5 18. bxc5 {Qa4+ is the strong threat.} O-O 19. c6 {To avoid Bd7} Ne8 20. h4 {Strongly threatening Qh5.} Nd6 $2 (20... f6 $16) 21. Qh5 $18 Kg7 (21... f6 $142 22. Qxh6 g4) 22. f4 (22. hxg5 $142 hxg5 23. f4 gxf4 {[#]} 24. Rxf4 $1 exf4 25. Bh4 (25. Bxf4 Rh8 $16)) 22... gxf4 {[#]} 23. Bxf4 {[%mdl 512]} exf4 24. e5 Ne8 $2 {[%mdl 8192]} (24... Nf5 $16 25. Qg4+ (25. Bxf5 Qxe5 26. Qg4+ Kh8 $16) (25. Rxf4 Ne3 $11) 25... Kh8) 25. Rxf4 Be6 26. Rb7 Nc7 27. Rf6 (27. Bf5 $18 {White threatens Rg4+ and mate.} Bxf5 28. Rxf5) 27... Rh8 $16 28. Qf3 Bxa2 (28... Rae8 $16) 29. Qg3+ Kf8 30. Qf4 {[%csl LRd4,LRh6][%cal Oe5e6] aiming for e6!} Rc8 $2 (30... Kg7 $16 31. Bf5 Rae8 32. Qg4+ (32. Rxa7 $2 Qxe5 33. Qxe5 Rxe5 $19) 32... Kf8 33. Qxd4 Kg7) 31. Rxh6 $2 (31. Bf5 $18 Re8 32. Rxh6) 31... Rg8 $2 {[%mdl 8192]} (31... Rxh6 $11 32. Qxh6+ Ke8) 32. Rf6 $2 ({White should play} 32. Bf5 $18 Nd5 33. Qxd4) 32... Bd5 $11 33. g4 Qa3 34. e6 Qxd3 $17 ({Reject} 34... Nxe6 $6 35. Rfxf7+ Ke8 36. Qf5 $11) 35. Qd6+ $2 {[%mdl 8192]} (35. Rxf7+ $17 Ke8 36. Rfxc7 Rxc7 37. Rb8+ Ke7 38. Qxc7+ Kxe6 39. Qd7+ (39. Rxg8 {leads to mate.} Qd1+ 40. Kf2 Qd2+ 41. Kf1 Bc4+ 42. Kg1 Qe1+ 43. Kg2 Bd5+ 44. Kh3 Qh1+ 45. Qh2 Qf1+ 46. Kg3 Qf3#) 39... Ke5 40. Qc7+ Ke4 41. Qh7+ Ke3 42. Qxd3+ Kxd3 43. c7 (43. Rxg8 $2 Bxg8 44. Kf2 Kc2 $17) 43... Rxg4+ 44. Kf2) 35... Kg7 $19 {[%cal Bf8g7,Bg7g6,Bg6g5,Bg5h4,Bh4g4,Bg4h3,Bh3g3][%mdl 32]} 36. Rxf7+ Kg6 37. h5+ (37. Qe5 $142 Qe3+ 38. Qxe3 dxe3 39. Rfxc7 Bxe6 40. Rxc8 Rxc8 41. Rb5) 37... Kg5 {[%cal Og5g4]} 38. Qf4+ Kh4 39. Qf6+ Kxg4 40. Rg7+ Rxg7 41. Qxg7+ Kh3 42. Rb2 Qg3+ 43. Qxg3+ Kxg3 44. e7 Bxc6 (44... Re8 $142 45. Re2 Bf3 46. Rf2 Rb8 47. e8=B Nxe8 48. c7 Nxc7 49. h6 Rb1+ 50. Rf1 Rb5 51. Rf2 Rh5 52. Rxf3+ Kxf3 53. h7 Rxh7 54. Kf1 Rh1#) 45. Rc2 {[#]} Rb8 $1 {Weighted Error Value: White=1.09/Black=0.95} 0-1

[Event "22nd Mediterranean Flowers 2022"]
[Site "Rijeka"]
[Date "2022.03.07"]
[Round "1.4"]
[White "Radikovic, Anamarija"]
[Black "Zimina, Olga"]
[Result "0-1"]
[WhiteElo "2121"]
[BlackElo "2340"]
[Annotator "TA"]
[PlyCount "38"]
[EventDate "2022.03.07"]
[EventType "tourn"]
[EventCountry "CRO"]
[SourceTitle "playchess.com"]
[Source "ChessBase"]
[SourceQuality "1"]

{[%evp 9,38,0,0,9,32,1,37,35,36,31,28,26,36,24,11,-13,-4,-22,-20,-8,-29,-48,-24,-76,-75,-168,-162,-357,-351,-960,-938]} 1. e4 c6 2. d4 d5 3. e5 c5 4. dxc5 e6 5. a3 Bxc5 6. Nf3 {B12: Caro-Kann: Advance Variation.} Nd7 7. b4 Bb6 8. Bb2 {White is slightly better.} Ne7 {[%cal Bg8e7,Be7g6,Bg6f4][%mdl 32]} 9. Bd3 Ng6 10. O-O O-O 11. Nbd2 Nf4 {[#]} 12. Rc1 $146 ({Predecessor:} 12. Bb5 f6 13. exf6 Nxf6 14. c4 Ng4 15. c5 Bc7 16. h3 e5 17. hxg4 Bxg4 18. Re1 {1-0 (27) Francisco,R (2271)-Varagona,S Atlanta 2016}) 12... a5 13. Nb3 axb4 14. axb4 Ra2 15. Bd4 f6 {aiming for ...fxe5.} ({Much worse is} 15... Nxd3 16. cxd3 Bc7 17. Rc3 $11) 16. Ra1 (16. Bxb6 $11 {remains equal.} Qxb6 17. exf6) 16... Rxa1 $17 17. Qxa1 {[#]} (17. Bxa1 $17 fxe5 18. Nxe5 (18. Bxe5 $2 Nxe5 19. Nxe5 Qg5 $19)) 17... Bxd4 $1 $19 18. Qxd4 (18. Nfxd4 {is a better defense.} Nxe5 19. Be2) 18... fxe5 19. Nxe5 (19. Qe3) 19... Qg5 $1 {[%csl LRe5,LRg2] Weighted Error Value: White=0.71/Black=0.05 (flawless)} 0-1

[Event "22nd Mediterranean Flowers 2022"]
[Site "Rijeka"]
[Date "2022.03.07"]
[Round "1.5"]
[White "Kubicka, Anna"]
[Black "Drljevic, Ljilja"]
[Result "1-0"]
[WhiteElo "2266"]
[BlackElo "2217"]
[Annotator "TA"]
[PlyCount "93"]
[EventDate "2022.03.07"]
[EventType "tourn"]
[EventCountry "CRO"]
[SourceTitle "playchess.com"]
[Source "ChessBase"]
[SourceQuality "1"]

{[%evp 9,93,9,27,29,24,15,31,26,57,1,51,0,0,-6,10,12,16,0,28,17,28,17,73,74,102,108,82,70,62,53,48,47,49,46,164,165,310,315,306,287,316,320,293,297,315,303,288,225,230,198,193,143,175,169,230,232,245,232,391,391,533,566,837,489,628,627,849,862,1546,1029,954,997,1010,940,889,565,1449,1195,29985,29986,29991,29992,29992,29993,29993,658]} 1. e4 c6 2. Nc3 d5 3. Nf3 d4 4. Ne2 c5 5. Ng3 Nc6 6. Bb5 {B11: Caro-Kann: Two Knights Variation.} Qb6 {[#]} 7. a4 $146 ({Predecessor:} 7. Bxc6+ Qxc6 8. d3 g6 9. Ne5 Qa6 10. f4 Bg7 11. O-O Nh6 12. h3 f6 13. Nf3 {1-0 (26) Drozdov,I (2439)-Bachin,V (2490) Moscow 2005}) 7... Nf6 8. O-O {White is slightly better.} g6 9. Qe2 (9. d3 $14) 9... Bd7 (9... a6 $1 $11 10. Bc4 Nd7) 10. c3 ({White should play} 10. e5 $14 Nd5 11. a5) 10... Bg7 $11 11. d3 O-O 12. h3 Rad8 13. Bf4 Ne8 14. Bxc6 bxc6 15. a5 {[%cal Ba4a5,Ba5a6][%mdl 32]} Qb5 (15... Qb7 $1 $11) 16. c4 $16 Qb7 17. a6 Qb6 18. Rfb1 {White is more active.} Nc7 19. b4 {Black must now prevent bxc5.} cxb4 {Hoping for ...Ne6.} 20. c5 Qb8 21. Qd2 $36 {[%mdl 2048] Black is under pressure.} b3 {[#] White leaves nothing to chance now.} (21... Qc8 $1 $14) 22. Qa5 $1 $18 ({Stronger than} 22. Bxc7 Qxc7 23. Rxb3 Rb8 $15) 22... e5 (22... Rc8 $142 23. Ne2 f5) 23. Nxe5 Ne6 24. Nxd7 Qxf4 25. Nxf8 Bxf8 26. Rxb3 Bxc5 27. Ne2 Qd6 28. Rc1 Bb6 29. Qa3 c5 30. Rf1 (30. g3 $18) 30... Qc6 {[#]} 31. Qc1 $1 Rd6 (31... Qa4 $142 32. Qa3 Qd7) 32. Qc4 Nc7 33. f4 Re6 $2 (33... Qe8 {might work better.} 34. Ra1 Nd5 35. Rxb6 Nxb6 36. Qxc5 Rc6 37. Qxd4 Rc8) 34. f5 gxf5 35. Rxf5 Ne8 36. Rg5+ Kf8 37. Nf4 {Inhibits Rg6.} Rf6 38. Nd5 Nd6 39. Qc1 {Rxb6 would kill now.} Re6 40. Rb2 c4 41. Nxb6 axb6 42. a7 {[%cal Ob2b6] Strongly threatening Rxb6!} Re8 43. e5 {[%cal Be4e5,Be5d6][%mdl 32]} c3 44. exd6 {White mates.} cxb2 45. Qxc6 b1=Q+ 46. Kh2 Qf1 {[#]} 47. Qxe8+ $3 {[%mdl 512] Weighted Error Value: White=0.27 (precise) /Black=0.48} 1-0

[Event "22nd Mediterranean Flowers 2022"]
[Site "Rijeka"]
[Date "2022.03.07"]
[Round "2.1"]
[White "Kejzar, Petra"]
[Black "Drljevic, Ljilja"]
[Result "0-1"]
[WhiteElo "2031"]
[BlackElo "2217"]
[Annotator "TA"]
[PlyCount "60"]
[EventDate "2022.03.07"]
[EventType "tourn"]
[EventCountry "CRO"]
[SourceTitle "playchess.com"]
[Source "ChessBase"]
[SourceQuality "1"]

{[%evp 24,60,0,-7,-4,-6,0,0,20,17,13,13,56,20,79,42,17,0,0,0,41,-244,-218,-240,-254,-486,-479,-810,-449,-637,-507,-29989,-29990,-29994,-29995,-29995,-29996,-29998,-29999]} 1. c4 e5 2. Nc3 Nc6 3. g3 d6 4. Bg2 Be6 5. d3 Qd7 6. Rb1 g6 7. b4 {[%cal Bb2b4,Bb4b5][%mdl 32]} Bg7 8. b5 Nd8 9. e3 Ne7 10. Nd5 O-O 11. Ne2 Nxd5 12. cxd5 Bh3 13. O-O $1 Bxg2 {A25: English Opening vs King's Indian with ...Nc6 but without early d3.} 14. Kxg2 f5 15. Qb3 Nf7 {[%cal Bd8f7,Bf7g5,Bg5e4,Be4d2][%mdl 32] The position is equal.} 16. Bd2 g5 17. f4 {[#]} h5 $146 (17... a6 $11 {is superior.}) ({Predecessor:} 17... Rae8 18. Rbe1 Re7 19. a4 Rfe8 20. Qb4 gxf4 21. gxf4 c6 22. dxc6 bxc6 23. Rc1 c5 {0-1 (35) Muresan,M (2245)-Cuevas Rodriguez,M (2205) Thessaloniki 1988}) 18. Rbc1 h4 (18... a6 $11) 19. fxg5 Nxg5 20. gxh4 f4 $1 {[#] Hoping for ...f3+.} 21. Kh1 (21. hxg5 $2 f3+ 22. Rxf3 (22. Kf2 fxe2+ 23. Kg3 exf1=B 24. Rxf1 Rxf1 25. Qa4 Qf5) 22... Qg4+ 23. Rg3 Qxe2+ 24. Kg1 Qf2+ 25. Kh1 Qxd2 $19) 21... Qg4 22. Nxf4 $2 {[%mdl 8192] This costs White the game.} exf4 $19 23. exf4 Rae8 $40 {[%cal Oe8e2][%mdl 128] Black goes for the king.} ({Worse is} 23... Nf3 24. Qd1 Nxh2 25. Kxh2 Qxh4+ 26. Kg2 $11) 24. d4 $2 (24. Qd1 {is the only way for White.} Qxd1 25. Rcxd1) 24... Ne4 ({Not} 24... Re2 $2 25. Qg3 Qxg3 26. hxg3 $19) 25. Be1 (25. Rc2 $142 Qe2 26. Qf3 Nxd2 27. Qxe2 Rxe2 28. Rd1) 25... Rf7 26. Qd3 (26. Rc2 $142) 26... Qf5 {[%cal Oe4f2] ( -> ...Nf2+!)} 27. Qc4 {[#]} (27. Rd1 $19) 27... Nd2 $1 {[%mdl 512] Black mates.} 28. Bxd2 (28. Qc3 Qxd5+) 28... Qe4+ 29. Kg1 Bxd4+ 30. Rf2 Rg7+ {Weighted Error Value: White=0.92/Black=0.41} 0-1

[Event "22nd Mediterranean Flowers 2022"]
[Site "Rijeka"]
[Date "2022.03.07"]
[Round "2.2"]
[White "Zimina, Olga"]
[Black "Kubicka, Anna"]
[Result "1/2-1/2"]
[WhiteElo "2340"]
[BlackElo "2266"]
[Annotator "TA"]
[PlyCount "45"]
[EventDate "2022.03.07"]
[EventType "tourn"]
[EventCountry "CRO"]
[SourceTitle "playchess.com"]
[Source "ChessBase"]
[SourceQuality "1"]

{[%evp 10,45,0,-13,14,0,14,0,0,-2,-7,-43,-38,-42,-37,-36,-23,-33,0,0,0,0,0,-8,0,0,0,0,0,0,0,0,0,-3,0,-3,-7,-7]} 1. d4 Nf6 2. Nf3 g6 3. Nc3 d5 4. Bf4 Bg7 5. e3 O-O 6. h3 {[#]} Be6 $146 {D00: 1 d4 d5: Unusual lines.} (6... c5 $5) ({Predecessor:} 6... c5 7. dxc5 Qa5 8. Be5 Nbd7 9. Bd4 Re8 10. Ne5 Nxe5 11. Bxe5 Qxc5 12. Qd4 Qxd4 13. exd4 Bf5 14. Bb5 Rec8 15. Ba4 {0-1 (41) Erigaisi,A (2559)-Firouzja,A (2749) Chess.com INT 2020}) 7. Be2 c5 8. dxc5 Nbd7 {[%cal Bb8d7,Bd7c5,Bc5e6][%mdl 32]} 9. Nd4 Nxc5 10. Nxe6 Nxe6 11. Be5 {To avoid d4} Nc5 12. O-O e6 13. a4 Nfe4 14. Bxg7 {The position is equal.} Kxg7 15. Nxe4 Nxe4 16. Qd4+ Qf6 17. Rad1 Nd6 18. c4 Nxc4 19. Bxc4 dxc4 20. Qxc4 Rac8 21. Qb5 Rc7 22. Rd4 Rd8 23. Rxd8 {Weighted Error Value: White=0.06 (flawless) /Black=0.05 (flawless)} 1/2-1/2

[Event "22nd Mediterranean Flowers 2022"]
[Site "Rijeka"]
[Date "2022.03.07"]
[Round "2.3"]
[White "Toncheva, Nadya"]
[Black "Radikovic, Anamarija"]
[Result "0-1"]
[WhiteElo "2207"]
[BlackElo "2121"]
[Annotator "TA"]
[PlyCount "94"]
[EventDate "2022.03.07"]
[EventType "tourn"]
[EventCountry "CRO"]
[SourceTitle "playchess.com"]
[Source "ChessBase"]
[SourceQuality "1"]

{[%evp 9,94,62,83,62,58,25,45,-37,-40,-37,-22,-31,-25,-64,25,17,20,0,0,0,29,41,43,45,33,16,16,15,14,14,14,0,17,13,17,20,22,0,0,-71,-63,-56,-63,-62,-61,-133,-133,-132,-123,-110,-95,-95,-95,-96,-95,-95,-95,-95,-95,-95,-95,-138,-138,-138,-138,-138,-138,-138,-138,-138,-138,-138,0,-590,-590,-1111,-811,-12845,-12845,-12848,-12849,-12850,-12848,-12848,-12849,-27999,-27997]} 1. d4 {[%cal Bd2d4,Bd4e5][%mdl 32]} d5 2. c4 Nc6 3. Nf3 e5 4. Nxe5 Nxe5 5. dxe5 d4 6. a3 {D07: Queen's Gambit: Chigorin Defence.} Ne7 7. e3 Nc6 8. exd4 (8. f4 $14) 8... Qxd4 $15 9. Nc3 Qxe5+ 10. Qe2 Bd6 {[#]} 11. f4 $146 ({Predecessor:} 11. Nb5 O-O 12. Qxe5 Bxe5 13. f4 Bf6 14. Nxc7 Nd4 15. Bd3 Rb8 16. Be3 Nb3 17. Rd1 {1-0 (53) Wolter,D (1874)-De Reuter,U (2055) Playchess.com INT 2020}) 11... Qe7 (11... Qxe2+ $15 12. Bxe2 Nd4) 12. Qxe7+ $1 $11 Bxe7 13. Be3 {Inhibits Nd4.} Bf5 14. O-O-O Na5 {[%cal Ra5b3]} 15. b4 {Strongly threatening Rd5.} Bf6 16. Kb2 Nc6 17. Be2 O-O 18. Bf3 Rfe8 19. Rhe1 Rad8 20. Rxd8 Rxd8 21. Rd1 Rxd1 22. Bxd1 Bd3 23. c5 a5 {[%cal Oc6b4]} 24. Bf3 (24. Kb3 $11) 24... axb4 $17 25. axb4 Nxb4 26. Bxb7 Bc4 $1 {Black is more active.} 27. Be4 {[#]} (27. g4 $15) 27... Bd5 $1 {...Bxe4 is the strong threat.} 28. Bf5 Bxg2 29. Kb3 Bxc3 30. Kxc3 {[%mdl 4096] Endgame KBB-KBN} Nd5+ 31. Kd4 Nxe3 32. Kxe3 {KB-KB} g6 33. Bc8 Kf8 34. Kd4 Ke7 35. Bg4 (35. h4 $142) 35... h5 36. Bc8 h4 37. Bg4 f6 {[%cal Bf7f6,Bf6g5][%mdl 32]} 38. Bc8 Bc6 39. Bg4 Bd7 40. Be2 Bc6 (40... Ke6 $17 {Threatens to win with ...Kf5.} 41. Bg4+ f5) 41. Bd3 {[%mdl 8192] [#]} (41. Bg4 $1 $11) 41... g5 $1 $19 42. fxg5 fxg5 43. Ke5 g4 44. Be4 Bxe4 45. Kxe4 c6 46. Kf4 g3 $1 47. hxg3 hxg3 {Weighted Error Value: White=0.60/Black=0.10 (very precise)} ({Not} 47... h3 48. Kf3 Kf6 49. Kf2 $11) 0-1

[Event "22nd Mediterranean Flowers 2022"]
[Site "Rijeka"]
[Date "2022.03.07"]
[Round "2.5"]
[White "Medic, Mirjana"]
[Black "Radeva, Viktoria"]
[Result "1/2-1/2"]
[WhiteElo "2207"]
[BlackElo "2261"]
[Annotator "TA"]
[PlyCount "40"]
[EventDate "2022.03.07"]
[EventType "tourn"]
[EventCountry "CRO"]
[SourceTitle "playchess.com"]
[Source "ChessBase"]
[SourceQuality "1"]

{[%evp 14,40,0,-3,11,0,19,0,0,0,0,0,0,0,2,-1,-12,-4,0,-12,0,0,14,8,13,14,9,8,9]} 1. d4 d5 2. c4 e6 3. Nc3 c6 4. e3 Nf6 5. b3 Bb4 6. Bd2 Nbd7 7. Nf3 O-O 8. Bd3 {The position is equal.} b6 {D45: Semi-Slav: 5 e3.} 9. O-O {[%cal Oc3d5]} Be7 10. e4 dxe4 11. Nxe4 Bb7 12. Qe2 c5 13. Bc3 cxd4 14. Bxd4 {[#]} Qc7 $146 ({Predecessor:} 14... Nc5 15. Nxc5 Bxf3 16. Qxf3 Qxd4 17. Ne4 Rad8 18. Rad1 Qb2 19. Rd2 Qa3 20. Rfd1 Nxe4 21. Qxe4 {½-½ (72) Ronka,E (2303)-Firat,B (2466) Chess.com INT 2021}) 15. Rfe1 Rad8 16. Rad1 h6 17. Bc2 Nxe4 18. Bxe4 Bxe4 19. Qxe4 Bf6 20. Bxf6 Nxf6 {An even fight not without its subleties.  Weighted Error Value: White=0.03 (flawless) /Black=0.05 (flawless)} 1/2-1/2

[Event "22nd Mediterranean Flowers 2022"]
[Site "Rijeka"]
[Date "2022.03.07"]
[Round "3.1"]
[White "Radeva, Viktoria"]
[Black "Kejzar, Petra"]
[Result "1-0"]
[WhiteElo "2261"]
[BlackElo "2031"]
[Annotator "TA"]
[PlyCount "65"]
[EventDate "2022.03.07"]
[EventType "tourn"]
[EventCountry "CRO"]
[SourceTitle "playchess.com"]
[Source "ChessBase"]
[SourceQuality "1"]

{[%evp 26,65,22,25,77,9,10,0,71,10,15,0,101,103,245,255,229,217,154,131,946,385,387,392,384,351,384,392,1973,1712,29981,29982,29979,1241,1170,1068,29986,795,29993,29994,29995,29996]} 1. e4 c5 2. Nf3 Nc6 3. d4 cxd4 4. Nxd4 Nf6 5. Nc3 d6 6. Be2 e6 7. O-O Be7 8. Be3 O-O 9. f4 Qc7 10. Qe1 a6 11. Qg3 Kh8 12. Kh1 Bd7 13. Rae1 b5 14. a3 Rfe8 {[#] B85: Sicilian Scheveningen: 6 Be2 a6, lines with early Be3.} (14... Rab8 $11) 15. Nxc6 $146 {White is more active.} (15. e5 $16 dxe5 16. Nxc6 Bxc6 17. fxe5) ({Predecessor:} 15. e5 Nd5 16. Nxd5 exd5 17. Nxc6 Bxc6 18. Bd4 f5 19. Bd3 Rf8 20. Qh3 Qc8 21. e6 Bf6 22. Bxf5 {1-0 (22) Coleman,D (2240)-Walker,M London 1988}) 15... Bxc6 $11 16. Bd4 Bf8 (16... Rad8 $11) 17. e5 ({Better is} 17. Bxf6 $16 {Threatens to win with Bd4.} gxf6 18. f5) 17... Ne4 18. Qh3 d5 (18... dxe5 $11 {keeps the balance.} 19. Bxe5 Nd6) 19. f5 $1 $16 Rab8 (19... exf5 $16 20. Rxf5 Kg8) 20. f6 gxf6 21. Nxe4 ({Don't do} 21. exf6 $6 b4 22. axb4 (22. Nxe4 dxe4 23. Qh5 bxa3 $16) 22... Bxb4 $14) 21... dxe4 22. exf6 e5 $2 {[%mdl 8192] [#] This costs Black the game.} (22... Bd6 $16) 23. Be3 (23. Rf5 $142 $1 {[%cal Of5h5] White wants to mate with Rh5!} Qd7 (23... Qd8 24. Rh5) 24. Bg4 $1) 23... Bd7 $18 24. Bg4 (24. Qh5 Be6 $16) 24... Bxg4 25. Qxg4 {Hoping for Rf5.} Qxc2 26. Rf5 {Intending Rh5 and mate.} Re6 $2 (26... Qc8 27. Qh5 (27. Qxe4 Qc4 $16) 27... Re6) 27. Qh4 {White threatens Rh5 and mate.} Bg7 28. fxg7+ Kg8 {[#]} 29. Ref1 (29. Rxf7 $142 $3 {[%mdl 512]} Rg6 (29... Kxf7 30. Qxh7) 30. Rf2 Qc7 31. Bh6 Rxg7 32. Bxg7 Qxg7 33. Qxe4 Rd8 34. Rf5) 29... Rg6 30. R5f2 Qb3 {[#]} 31. Qxe4 (31. Qe7 $142 $1 Qe6 32. Qa7 Qe8 33. Rxf7 h5 34. Rf8+ Qxf8 35. gxf8=N Rxf8 36. Rxf8+ Kxf8 37. Qh7) 31... Rxg7 32. Qxe5 {[%cal Re5b8]} Rd8 33. Bd4 {Weighted Error Value: White=0.63/Black=1.34} 1-0